Código de derecho canónico / (Record no. 175629)

MARC details
000 -LEADER
campo de control de longitud fija 01298nam a2200337 i 4500
001 - NÚMERO DE CONTROL
campo de control 175629
003 - IDENTIFICADOR DE NÚMERO DE CONTROL
campo de control ES-MaACL
005 - FECHA Y HORA DE LA ÚLTIMA TRANSACCIÓN
campo de control 20250830111235.0
007 - CAMPO FIJO DE DESCRIPCIÓN FÍSICA--INFORMACIÓN GENERAL
campo de control de longitud fija t|
008 - DATOS DE LONGITUD FIJA--INFORMACIÓN GENERAL
campo de control de longitud fija 101112s1975 sp r ||||1| spa d
017 ## - NÚMERO DE COPYRIGHT O DE DEPÓSITO LEGAL
Número de copyright o de depósito legal M 26321-1975
Agencia que asigna Oficina Depósito Legal Madrid
020 ## - NÚMERO INTERNACIONAL ESTÁNDAR DEL LIBRO
Número Internacional Estándar del Libro 84-220-0724-4
080 ## - NÚMERO DE LA CLASIFICACIÓN DECIMAL UNIVERSAL
Número de la Clasificación Decimal Universal 348.17
110 2# - ENTRADA PRINCIPAL--NOMBRE DE ENTIDAD CORPORATIVA
Nombre de entidad corporativa o nombre de jurisdicción como elemento de entrada Iglesia Católica
Término indicativo de función/relación entidad responsable
9 (RLIN) 4639
240 10 - TÍTULO UNIFORME
Título uniforme Codex juris canonici, 1917
Lenguaje de la obra Español-Latín
9 (RLIN) 241667
245 10 - MENCIÓN DEL TÍTULO
Título Código de derecho canónico /
Mención de responsabilidad, etc. versión castellana anotada por Lorenzo Miguélez Domínguez, Sabino Alonso Moran, O.P. y Marcelino Cabreros de Anta, C.M.F.
260 ## - PUBLICACIÓN, DISTRIBUCIÓN, ETC.
Lugar de publicación, distribución, etc. Madrid :
Nombre del editor, distribuidor, etc. La Editorial Católica,
Fecha de publicación, distribución, etc. 1975
300 ## - DESCRIPCIÓN FÍSICA
Extensión XXXII, 648 páginas ;
Dimensiones 18 cm
490 1# - MENCIÓN DE SERIE
Mención de serie Biblioteca de autores cristianos.
Nombre de parte o sección de la obra Minor ;
Designación de volumen o secuencia 39
RLIN 189814
500 ## - NOTA GENERAL
Nota general Índices
650 #7 - PUNTO DE ACCESO ADICIONAL DE MATERIA--TÉRMINO DE MATERIA
Término de materia o nombre geográfico como elemento de entrada Derecho canónico
Fuente del encabezamiento o término embne
9 (RLIN) 11655
655 #0 - TERMINO DE INDIZACIÓN--GENERO/FORMA
Datos o término principal de género/forma Legislación
9 (RLIN) 226283
700 1# - ENTRADA AGREGADA--NOMBRE PERSONAL
Nombre de persona Miguélez Domínguez, Lorenzo
Término indicativo de función/relación Anotador
9 (RLIN) 81048
700 1# - ENTRADA AGREGADA--NOMBRE PERSONAL
Nombre de persona Alonso Morán, Sabino,
Fechas asociadas al nombre 1890-
Término indicativo de función/relación Anotador
9 (RLIN) 20365
700 1# - ENTRADA AGREGADA--NOMBRE PERSONAL
Nombre de persona Cabreros de Anta, Marcelino
Término indicativo de función/relación Anotador
9 (RLIN) 33327
830 #0 - PUNTO DE ACCESO ADICIONAL DE SERIE-TÍTULO UNIFORME
Título uniforme Biblioteca de autores cristianos.
Nombre de parte o sección de la obra Minor ;
Designación de volumen o secuencia 39
9 (RLIN) 189814
852 ## - LOCALIZACIÓN
Ubicación ES-MaACL
Ubicación en estantería Depósito 2
Signatura antigua Olim P-1255
Número de control de estantería E-13506
942 ## - ELEMENTOS DE ENTRADA SECUNDARIOS (KOHA)
Fuente del sistema de clasificación o colocación Clasificación decimal universal
Tipo de ítem Koha Libro impreso
Suprimir en OPAC No
Holdings
Estatus retirado Estado de pérdida Estado de daño No para préstamo Biblioteca de origen Biblioteca actual Ubicación en estantería Fecha de adquisición Fuente de adquisición Total de préstamos Signatura topográfica completa Código de barras Visto por última vez Precio de reemplazo Tipo de ítem Koha
        Biblioteca del Ateneo de Madrid Biblioteca del Ateneo de Madrid Depósito 2 12/11/2010     E-13506 1184423 23/02/2023 23/02/2023 Libro impreso